000
00308nam a22001337a 4500
008
181101b xxu||||| |||| 00| 0 eng d
020
_a
07216403697
041
_a
eng
080
_a
616.31
100
_a
5
101
_a
STO
245
_a
Diseses Odf Oral Mucosa And The Lips
_c
Bork.H
942
_2
udc
_c
BK
999
_c
51409
_d
51409